<?xml version="1.0" encoding="UTF-8"?>
<record
    xmlns:xsi="http://www.w3.org/2001/XMLSchema-instance"
    xsi:schemaLocation="http://www.loc.gov/MARC21/slim http://www.loc.gov/standards/marcxml/schema/MARC21slim.xsd"
    xmlns="http://www.loc.gov/MARC21/slim">

  <leader>02316nam0a2200397   4500</leader>
  <controlfield tag="001">RU\NLR\BIBL_A\012863869</controlfield>
  <controlfield tag="005">20250624185550.0</controlfield>
  <datafield tag="010" ind1=" " ind2=" ">
    <subfield code="a">978-5-4212-0632-3</subfield>
  </datafield>
  <datafield tag="035" ind1=" " ind2=" ">
    <subfield code="a">(NLR Aleph) 012863869</subfield>
  </datafield>
  <datafield tag="090" ind1=" " ind2=" ">
    <subfield code="a">12468086</subfield>
    <subfield code="c">12468086</subfield>
  </datafield>
  <datafield tag="100" ind1=" " ind2=" ">
    <subfield code="a">20220810d2021    |||y0rusy50      ca</subfield>
  </datafield>
  <datafield tag="101" ind1="0" ind2=" ">
    <subfield code="a">rus</subfield>
  </datafield>
  <datafield tag="102" ind1=" " ind2=" ">
    <subfield code="a">RU</subfield>
  </datafield>
  <datafield tag="105" ind1=" " ind2=" ">
    <subfield code="a">y   z   000yy</subfield>
  </datafield>
  <datafield tag="181" ind1=" " ind2="0">
    <subfield code="a">i </subfield>
    <subfield code="b">axxe  </subfield>
  </datafield>
  <datafield tag="182" ind1=" " ind2="0">
    <subfield code="a">n</subfield>
  </datafield>
  <datafield tag="200" ind1="1" ind2=" ">
    <subfield code="a">&#x41E;&#x433;&#x440;&#x430;&#x43D;&#x438;&#x447;&#x435;&#x43D;&#x438;&#x435; &#x434;&#x435;&#x435;&#x441;&#x43F;&#x43E;&#x441;&#x43E;&#x431;&#x43D;&#x43E;&#x441;&#x442;&#x438; &#x432;&#x441;&#x43B;&#x435;&#x434;&#x441;&#x442;&#x432;&#x438;&#x435; &#x43F;&#x441;&#x438;&#x445;&#x438;&#x447;&#x435;&#x441;&#x43A;&#x43E;&#x433;&#x43E; &#x440;&#x430;&#x441;&#x441;&#x442;&#x440;&#x43E;&#x439;&#x441;&#x442;&#x432;&#x430;. &#x41D;&#x435;&#x434;&#x435;&#x435;&#x441;&#x43F;&#x43E;&#x441;&#x43E;&#x431;&#x43D;&#x43E;&#x441;&#x442;&#x44C;. &#x41E;&#x43F;&#x435;&#x43A;&#x443;&#x43D;&#x44B; &#x438; &#x43F;&#x43E;&#x43F;&#x435;&#x447;&#x438;&#x442;&#x435;&#x43B;&#x438;: &#x43A;&#x430;&#x43A; &#x43E;&#x441;&#x443;&#x449;&#x435;&#x441;&#x442;&#x432;&#x43B;&#x44F;&#x442;&#x44C; &#x43F;&#x440;&#x430;&#x432;&#x430; &#x438; &#x438;&#x441;&#x43F;&#x43E;&#x43B;&#x43D;&#x44F;&#x442;&#x44C; &#x43E;&#x431;&#x44F;&#x437;&#x430;&#x43D;&#x43D;&#x43E;&#x441;&#x442;&#x438;</subfield>
    <subfield code="f">&#x415;. &#x42E;. &#x417;&#x430;&#x431;&#x43B;&#x43E;&#x446;&#x43A;&#x438;&#x441;</subfield>
    <subfield code="g">[&#x426;&#x435;&#x43D;&#x442;&#x440; &#x43B;&#x435;&#x447;&#x435;&#x431;&#x43D;&#x43E;&#x439; &#x43F;&#x435;&#x434;&#x430;&#x433;&#x43E;&#x433;&#x438;&#x43A;&#x438; "&#x41E;&#x441;&#x43E;&#x431;&#x43E;&#x435; &#x434;&#x435;&#x442;&#x441;&#x442;&#x432;&#x43E;"]</subfield>
  </datafield>
  <datafield tag="203" ind1=" " ind2=" ">
    <subfield code="a">&#x422;&#x435;&#x43A;&#x441;&#x442;</subfield>
    <subfield code="b">&#x432;&#x438;&#x437;&#x443;&#x430;&#x43B;&#x44C;&#x43D;&#x44B;&#x439;</subfield>
    <subfield code="c">&#x43D;&#x435;&#x43F;&#x43E;&#x441;&#x440;&#x435;&#x434;&#x441;&#x442;&#x432;&#x435;&#x43D;&#x43D;&#x44B;&#x439;</subfield>
  </datafield>
  <datafield tag="210" ind1=" " ind2=" ">
    <subfield code="a">&#x41C;&#x43E;&#x441;&#x43A;&#x432;&#x430;</subfield>
    <subfield code="c">&#x422;&#x435;&#x440;&#x435;&#x432;&#x438;&#x43D;&#x444;</subfield>
    <subfield code="d">2021</subfield>
  </datafield>
  <datafield tag="215" ind1=" " ind2=" ">
    <subfield code="a">247 &#x441;.</subfield>
    <subfield code="d">21</subfield>
  </datafield>
  <datafield tag="300" ind1=" " ind2=" ">
    <subfield code="a">&#x417;&#x430;&#x433;&#x43B;. &#x43A;&#x43E;&#x440;&#x435;&#x448;&#x43A;&#x430;: &#x41E;&#x433;&#x440;&#x430;&#x43D;&#x438;&#x447;&#x435;&#x43D;&#x438;&#x435; &#x434;&#x435;&#x435;&#x441;&#x43F;&#x43E;&#x441;&#x43E;&#x431;&#x43D;&#x43E;&#x441;&#x442;&#x438;. &#x41D;&#x435;&#x434;&#x435;&#x435;&#x441;&#x43F;&#x43E;&#x441;&#x43E;&#x431;&#x43D;&#x43E;&#x441;&#x442;&#x44C;. &#x41E;&#x43F;&#x435;&#x43A;&#x443;&#x43D;&#x44B; &#x438; &#x43F;&#x43E;&#x43F;&#x435;&#x447;&#x438;&#x442;&#x435;&#x43B;&#x438;</subfield>
  </datafield>
  <datafield tag="320" ind1=" " ind2=" ">
    <subfield code="a">&#x411;&#x438;&#x431;&#x43B;&#x438;&#x43E;&#x433;&#x440;. &#x432; &#x442;&#x435;&#x43A;&#x441;&#x442;&#x435; &#x438; &#x432; &#x43F;&#x43E;&#x434;&#x441;&#x442;&#x440;&#x43E;&#x447;. &#x43F;&#x440;&#x438;&#x43C;&#x435;&#x447;.</subfield>
  </datafield>
  <datafield tag="516" ind1="1" ind2=" ">
    <subfield code="a">&#x41E;&#x433;&#x440;&#x430;&#x43D;&#x438;&#x447;&#x435;&#x43D;&#x438;&#x435; &#x434;&#x435;&#x435;&#x441;&#x43F;&#x43E;&#x441;&#x43E;&#x431;&#x43D;&#x43E;&#x441;&#x442;&#x438;. &#x41D;&#x435;&#x434;&#x435;&#x435;&#x441;&#x43F;&#x43E;&#x441;&#x43E;&#x431;&#x43D;&#x43E;&#x441;&#x442;&#x44C;. &#x41E;&#x43F;&#x435;&#x43A;&#x443;&#x43D;&#x44B; &#x438; &#x43F;&#x43E;&#x43F;&#x435;&#x447;&#x438;&#x442;&#x435;&#x43B;&#x438;</subfield>
  </datafield>
  <datafield tag="517" ind1="1" ind2=" ">
    <subfield code="a">&#x41D;&#x435;&#x434;&#x435;&#x435;&#x441;&#x43F;&#x43E;&#x441;&#x43E;&#x431;&#x43D;&#x43E;&#x441;&#x442;&#x44C;. &#x41E;&#x43F;&#x435;&#x43A;&#x443;&#x43D;&#x44B; &#x438; &#x43F;&#x43E;&#x43F;&#x435;&#x447;&#x438;&#x442;&#x435;&#x43B;&#x438;: &#x43A;&#x430;&#x43A; &#x43E;&#x441;&#x443;&#x449;&#x435;&#x441;&#x442;&#x432;&#x43B;&#x44F;&#x442;&#x44C; &#x43F;&#x440;&#x430;&#x432;&#x430; &#x438; &#x438;&#x441;&#x43F;&#x43E;&#x43B;&#x43D;&#x44F;&#x442;&#x44C; &#x43E;&#x431;&#x44F;&#x437;&#x430;&#x43D;&#x43D;&#x43E;&#x441;&#x442;&#x438;</subfield>
  </datafield>
  <datafield tag="606" ind1="1" ind2=" ">
    <subfield code="a">&#x41F;&#x441;&#x438;&#x445;&#x438;&#x447;&#x435;&#x441;&#x43A;&#x438; &#x431;&#x43E;&#x43B;&#x44C;&#x43D;&#x44B;&#x435;</subfield>
    <subfield code="x">&#x41F;&#x440;&#x430;&#x432;&#x43E;&#x432;&#x43E;&#x435; &#x43F;&#x43E;&#x43B;&#x43E;&#x436;&#x435;&#x43D;&#x438;&#x435;</subfield>
    <subfield code="y">&#x420;&#x43E;&#x441;&#x441;&#x438;&#x439;&#x441;&#x43A;&#x430;&#x44F; &#x424;&#x435;&#x434;&#x435;&#x440;&#x430;&#x446;&#x438;&#x44F;</subfield>
    <subfield code="9">2247195</subfield>
    <subfield code="3">RU\NLR\AUTH\6601579013</subfield>
  </datafield>
  <datafield tag="606" ind1="1" ind2=" ">
    <subfield code="a">&#x414;&#x435;&#x435;&#x441;&#x43F;&#x43E;&#x441;&#x43E;&#x431;&#x43D;&#x43E;&#x441;&#x442;&#x44C;</subfield>
    <subfield code="x">&#x41E;&#x433;&#x440;&#x430;&#x43D;&#x438;&#x447;&#x435;&#x43D;&#x438;&#x435;</subfield>
    <subfield code="y">&#x420;&#x43E;&#x441;&#x441;&#x438;&#x439;&#x441;&#x43A;&#x430;&#x44F; &#x424;&#x435;&#x434;&#x435;&#x440;&#x430;&#x446;&#x438;&#x44F;</subfield>
    <subfield code="9">2134371</subfield>
    <subfield code="3">RU\NLR\AUTH\661591482</subfield>
  </datafield>
  <datafield tag="606" ind1="1" ind2=" ">
    <subfield code="a">&#x41E;&#x43F;&#x435;&#x43A;&#x430;</subfield>
    <subfield code="y">&#x420;&#x43E;&#x441;&#x441;&#x438;&#x439;&#x441;&#x43A;&#x430;&#x44F; &#x424;&#x435;&#x434;&#x435;&#x440;&#x430;&#x446;&#x438;&#x44F;</subfield>
    <subfield code="9">2095322</subfield>
    <subfield code="3">RU\NLR\AUTH\661267819</subfield>
  </datafield>
  <datafield tag="606" ind1="1" ind2=" ">
    <subfield code="a">&#x41F;&#x43E;&#x43F;&#x435;&#x447;&#x438;&#x442;&#x435;&#x43B;&#x44C;&#x441;&#x442;&#x432;&#x43E;</subfield>
    <subfield code="y">&#x420;&#x43E;&#x441;&#x441;&#x438;&#x439;&#x441;&#x43A;&#x430;&#x44F; &#x424;&#x435;&#x434;&#x435;&#x440;&#x430;&#x446;&#x438;&#x44F;</subfield>
    <subfield code="9">2184408</subfield>
    <subfield code="3">RU\NLR\AUTH\661313390</subfield>
  </datafield>
  <datafield tag="686" ind1="1" ind2=" ">
    <subfield code="a">&#x425;620.32</subfield>
  </datafield>
  <datafield tag="686" ind1="1" ind2=" ">
    <subfield code="a">&#x425;623.011.21</subfield>
  </datafield>
  <datafield tag="686" ind1="1" ind2=" ">
    <subfield code="a">&#x425;624.6</subfield>
  </datafield>
  <datafield tag="700" ind1=" " ind2="1">
    <subfield code="a">&#x417;&#x430;&#x431;&#x43B;&#x43E;&#x446;&#x43A;&#x438;&#x441;</subfield>
    <subfield code="b">&#x415;. &#x42E;.</subfield>
    <subfield code="g">&#x415;&#x43B;&#x435;&#x43D;&#x430; &#x42E;&#x440;&#x44C;&#x435;&#x432;&#x43D;&#x430;</subfield>
  </datafield>
  <datafield tag="942" ind1=" " ind2=" ">
    <subfield code="c">BOOK</subfield>
  </datafield>
  <datafield tag="980" ind1=" " ind2=" ">
    <subfield code="a">NB</subfield>
  </datafield>
  <datafield tag="995" ind1=" " ind2=" ">
    <subfield code="5">2022-08-10</subfield>
    <subfield code="a">aa</subfield>
    <subfield code="b">NLR01</subfield>
    <subfield code="c">NLR01</subfield>
    <subfield code="e">RF81</subfield>
    <subfield code="f">1-4401142</subfield>
    <subfield code="k">2024-3/2295</subfield>
    <subfield code="o">0</subfield>
    <subfield code="p">755.00</subfield>
    <subfield code="r">BOOK</subfield>
    <subfield code="s">202432295_</subfield>
  </datafield>
</record>
